| 000 | 00365nam a22001337a 4500 | ||
|---|---|---|---|
| 082 |
_a604.2 _bRAT _cL-12, P-43 |
||
| 100 |
_aFischer, _940304 |
||
| 245 | _aRational mechanical drawing | ||
| 260 |
_aUSA: _bThe Bruce pubkication _cc1937 |
||
| 300 |
_avarious pages _bill.; _c16 cm |
||
| 526 |
_a0 _b0 _c0 _d604_200000000000000_RAT |
||
| 650 |
_aMCE _9379 |
||
| 942 |
_2ddc _cBK |
||
| 999 |
_c544625 _d544625 |
||